00596nam a2200169 a 4500008004100000020001500041050001900056100003100075245008800106260003500194300001500229350000900244650002600253650005300279650005000332650004400382081203s2000 ||||||||||||||||| || u a0395960762 aPE 1128.A2 Sus aPally, Marcia [and others]10aSustained content teaching in academic ESL/EFLcedited by Marcia Pally [and others] aBostonbHoughton Mifflinc2000 axvi, 247p. a0.00 aENGLISH--DICTIONARIES aLANGUAGE ARTS--CORRELATION WITH CONTENT SUBJECTS aENGLISH LANGUAGE --STUDY AND TEACHING--ZAMBIA aINTERDISCIPLINARY APPROACH IN EDUCATION